<?xml version="1.0" encoding="UTF-8"?>
<collection xmlns="http://www.loc.gov/MARC21/slim">
 <record>
  <leader>05428nam a2200361 a 4500</leader>
  <controlfield tag="001">kal4611</controlfield>
  <controlfield tag="003">Gr-AtHEAL</controlfield>
  <controlfield tag="005">20160425085858.0</controlfield>
  <controlfield tag="006">m        d        </controlfield>
  <controlfield tag="008">160413s2015    gr      s           gre|c</controlfield>
  <datafield tag="020" ind1=" " ind2=" ">
   <subfield code="a">9789606031212</subfield>
  </datafield>
  <datafield tag="040" ind1=" " ind2=" ">
   <subfield code="a">GR-AtHEAL</subfield>
   <subfield code="b">gre</subfield>
   <subfield code="c">GR-AtHEAL</subfield>
  </datafield>
  <datafield tag="082" ind1="0" ind2="4">
   <subfield code="a">530</subfield>
   <subfield code="2">23</subfield>
  </datafield>
  <datafield tag="100" ind1="1" ind2=" ">
   <subfield code="a">Σάλτας, Βασίλειος.</subfield>
   <subfield code="8">1535</subfield>
  </datafield>
  <datafield tag="245" ind1="1" ind2="0">
   <subfield code="a">Εργαστηριακός οδηγός φυσικής</subfield>
   <subfield code="h">[Ηλεκτρονικός πόρος] </subfield>
   <subfield code="c">Σάλτας, Βασίλειος ; Κριτικός αναγνώστης,Βλάχος, Δημήτριος ; Γραφιστική επιμέλεια,Παπαδόπουλος, Κυριάκος.</subfield>
  </datafield>
  <datafield tag="260" ind1=" " ind2=" ">
   <subfield code="a">Αθήνα :</subfield>
   <subfield code="b">Σύνδεσμος Ελληνικών Ακαδημαϊκών Βιβλιοθηκών,</subfield>
   <subfield code="c">c2015.</subfield>
  </datafield>
  <datafield tag="490" ind1=" " ind2=" ">
   <subfield code="a">Ακαδημαϊκά Ηλεκτρονικά Συγγράμματα και Βοηθήματα Κάλλιπος</subfield>
   <subfield code="8">40</subfield>
  </datafield>
  <datafield tag="505" ind1="0" ind2=" ">
   <subfield code="a">ΚΕΦΑΛΑΙΟ 1 – Εισαγωγή στις μετρήσειςΚΕΦΑΛΑΙΟ 2 – Όργανα μετρήσεωνΚΕΦΑΛΑΙΟ 3 – Παρουσίαση πειραματικών αποτελεσμάτωνΚΕΦΑΛΑΙΟ 4 – Εισαγωγή στη στατιστική ανάλυση των μετρήσεωνΚΕΦΑΛΑΙΟ 5 – Κριτήρια απόρριψης απόμακρων τιμώνΚΕΦΑΛΑΙΟ 6 –Διάδοση αβεβαιοτήτωνΚΕΦΑΛΑΙΟ 7 – Μέτρηση θεμελιωδών φυσικών μεγεθώνΚΕΦΑΛΑΙΟ 8 – Πειράματα Μηχανικής &amp; ΘερμότηταςΚΕΦΑΛΑΙΟ 9 – Πειράματα ταλαντώσεων, κυματικής και οπτικήςΚΕΦΑΛΑΙΟ 10 – Πειράματα σύγχρονης φυσικήςΚΕΦΑΛΑΙΟ 11 – Παραρτήματα</subfield>
  </datafield>
  <datafield tag="520" ind1=" " ind2=" ">
   <subfield code="a">Ο παρών Εργαστηριακός Οδηγός Φυσικής αποτελεί έναν ολοκληρωμένο εισαγωγικό οδηγό που περιλαμβάνει επιλεγμένα πειράματα γενικής και σύγχρονης φυσικής, βάσει της έκτασης των γνώσεων που θα πρέπει να αποκτήσουν οι φοιτητές ΑΕΙ του τεχνολογικού τομέα στο εισαγωγικό έτος, προκειμένου να συνεχίσουν τις σπουδές τους σε αντικείμενα τεχνολογικών εφαρμογών. Ο Εργαστηριακός Οδηγός είναι προσαρμοσμένος για να καλύψει τις διδακτικές ανάγκες του εργαστηριακού μαθήματος Φυσικής των Τμημάτων Μηχανικών Φυσικών Πόρων &amp; Περιβάλλοντος και Ηλεκτρονικών Μηχανικών της Σχολής Εφαρμοσμένων Επιστημών του ΤΕΙ Κρήτης.Οι ιδιαιτερότητες που παρουσιάζει ένας εργαστηριακός οδηγός που σε μεγάλο βαθμό βασίζεται στο συγκεκριμένο εξοπλισμό που διαθέτει το κάθε εργαστήριο, έχει ως αποτέλεσμα να περιορίζει το αναγνωστικό κοινό στο οποίο απευθύνεται. Ωστόσο, ένα μεγάλο μέρος του παρόντος συγγράμματος περιλαμβάνει όλες εκείνες τις εισαγωγικές έννοιες που χρειάζεται ένας πρωτοετής φοιτητής για να κατανοήσει την αναγκαιότητα των μετρήσεων και τα “εργαλεία” που χρησιμοποιούμε για την πραγματοποίηση τους, καθώς και τις διαδικασίες που εφαρμόζουμε προκειμένου να εξάγουμε ασφαλή και ορθά συμπεράσματα. Υπό αυτή την έννοια επομένως, και επιπλέον, λόγω των πειραματικών δεδομένων που διατίθενται για κάποια από τα πειράματα που περιγράφονται στον Οδηγό, θα μπορούσε να χρησιμοποιηθεί ως πρόσθετο διδακτικό υλικό ή βοήθημα και σε οποιοδήποτε άλλο εκπαιδευτικό ίδρυμα για ένα αντίστοιχο εργαστηριακό μάθημα.</subfield>
  </datafield>
  <datafield tag="650" ind1=" " ind2="0">
   <subfield code="a">Physics--Laboratory manuals</subfield>
   <subfield code="8">2370</subfield>
  </datafield>
  <datafield tag="653" ind1=" " ind2=" ">
   <subfield code="a">Όργανα μέτρησης</subfield>
  </datafield>
  <datafield tag="653" ind1=" " ind2=" ">
   <subfield code="a">Σύγχρονη φυσική</subfield>
  </datafield>
  <datafield tag="653" ind1=" " ind2=" ">
   <subfield code="a">Κυματική</subfield>
  </datafield>
  <datafield tag="653" ind1=" " ind2=" ">
   <subfield code="a">Μηχανική</subfield>
  </datafield>
  <datafield tag="653" ind1=" " ind2=" ">
   <subfield code="a">Αβεβαιότητα</subfield>
  </datafield>
  <datafield tag="653" ind1=" " ind2=" ">
   <subfield code="a">Μετρήσεις</subfield>
  </datafield>
  <datafield tag="653" ind1=" " ind2=" ">
   <subfield code="a">Φυσική</subfield>
   <subfield code="a">Γενική φυσική</subfield>
  </datafield>
  <datafield tag="700" ind1="1" ind2=" ">
   <subfield code="a">Βλάχος, Δημήτριος</subfield>
   <subfield code="e">Κριτικός αναγνώστης</subfield>
   <subfield code="8">1536</subfield>
  </datafield>
  <datafield tag="856" ind1="4" ind2="0">
   <subfield code="u">http://hdl.handle.net/11419/4611</subfield>
   <subfield code="z">Πλήρες Κείμενο - Full text</subfield>
  </datafield>
  <datafield tag="907" ind1=" " ind2=" ">
   <subfield code="a">.b25679673</subfield>
   <subfield code="b">12-06-18</subfield>
   <subfield code="c">29-07-16</subfield>
  </datafield>
  <datafield tag="949" ind1=" " ind2=" ">
   <subfield code="0">0</subfield>
   <subfield code="1">0</subfield>
   <subfield code="2">ddc</subfield>
   <subfield code="4">0</subfield>
   <subfield code="6">530_000000000000000_ΣΑΛ</subfield>
   <subfield code="7">0</subfield>
   <subfield code="8">KALL</subfield>
   <subfield code="8">726</subfield>
   <subfield code="d">2016-04-13</subfield>
   <subfield code="r">2016-04-13</subfield>
   <subfield code="w">2016-04-13</subfield>
   <subfield code="z">530 ΣΑΛ</subfield>
   <subfield code="o">SEAB KALLIPOS</subfield>
  </datafield>
  <datafield tag="998" ind1=" " ind2=" ">
   <subfield code="a">80</subfield>
   <subfield code="a">01</subfield>
   <subfield code="a">02</subfield>
   <subfield code="a">03</subfield>
   <subfield code="a">04</subfield>
   <subfield code="a">05</subfield>
   <subfield code="a">06</subfield>
   <subfield code="a">07</subfield>
   <subfield code="a">08</subfield>
   <subfield code="a">09</subfield>
   <subfield code="a">10</subfield>
   <subfield code="a">11</subfield>
   <subfield code="a">12</subfield>
   <subfield code="a">13</subfield>
   <subfield code="a">14</subfield>
   <subfield code="a">15</subfield>
   <subfield code="a">16</subfield>
   <subfield code="a">17</subfield>
   <subfield code="a">18</subfield>
   <subfield code="a">19</subfield>
   <subfield code="a">20</subfield>
   <subfield code="a">21</subfield>
   <subfield code="a">22</subfield>
   <subfield code="a">23</subfield>
   <subfield code="a">24</subfield>
   <subfield code="a">25</subfield>
   <subfield code="a">26</subfield>
   <subfield code="b">16-05-17</subfield>
   <subfield code="c">m</subfield>
   <subfield code="d">z  </subfield>
   <subfield code="e">-</subfield>
   <subfield code="f">gre</subfield>
   <subfield code="g">gr </subfield>
   <subfield code="h">0</subfield>
  </datafield>
  <datafield tag="942" ind1=" " ind2=" ">
   <subfield code="2">ddc</subfield>
   <subfield code="c">KALLIPOS</subfield>
  </datafield>
 </record>
</collection>
